<?xml version="1.0" encoding="UTF-8"?>
<record
    xmlns:xsi="http://www.w3.org/2001/XMLSchema-instance"
    xsi:schemaLocation="http://www.loc.gov/MARC21/slim http://www.loc.gov/standards/marcxml/schema/MARC21slim.xsd"
    xmlns="http://www.loc.gov/MARC21/slim">

  <leader>01787nam a22002897a 4500</leader>
  <controlfield tag="003">OSt</controlfield>
  <controlfield tag="005">20230827150932.0</controlfield>
  <controlfield tag="008">230827b           ||||| |||| 00| 0 eng d</controlfield>
  <datafield tag="020" ind1=" " ind2=" ">
    <subfield code="a">9781259899690</subfield>
  </datafield>
  <datafield tag="040" ind1=" " ind2=" ">
    <subfield code="a">WIUC - GH</subfield>
    <subfield code="c">WIUC - GH</subfield>
  </datafield>
  <datafield tag="050" ind1=" " ind2=" ">
    <subfield code="a">HD30.28.T52</subfield>
    <subfield code="b">1</subfield>
  </datafield>
  <datafield tag="082" ind1=" " ind2=" ">
    <subfield code="2">dc23</subfield>
    <subfield code="a">658.4/012</subfield>
  </datafield>
  <datafield tag="100" ind1=" " ind2=" ">
    <subfield code="a">Thompson Arthur A</subfield>
    <subfield code="9">2309</subfield>
  </datafield>
  <datafield tag="245" ind1=" " ind2=" ">
    <subfield code="a">Crafting and executing strategy: the quest for competitive advantage./</subfield>
  </datafield>
  <datafield tag="250" ind1=" " ind2=" ">
    <subfield code="a">21st ed</subfield>
  </datafield>
  <datafield tag="260" ind1=" " ind2=" ">
    <subfield code="a">New York, NY.</subfield>
    <subfield code="b">McGraw-Hill Education</subfield>
    <subfield code="c">2018</subfield>
  </datafield>
  <datafield tag="300" ind1=" " ind2=" ">
    <subfield code="a">xxxix, 370 p:</subfield>
    <subfield code="b">Ills., index</subfield>
  </datafield>
  <datafield tag="500" ind1=" " ind2=" ">
    <subfield code="a">Includes bibliographical references and index</subfield>
  </datafield>
  <datafield tag="505" ind1=" " ind2=" ">
    <subfield code="a">Contents: Part 1. Concepts and Techniques for Crafting and Executing Strategy: -- What is strategy and why is it important -- Charting a company's direction: its vision,mission, objectives, and strategy -- Evaluating a company's  external environment -- Evaluating a company's resources, capabilities and competitiveness -- The five generic competitive strategies -- Strengthening a company's competitive position: strategic moves,timing, and scope of operations -- Strategies for competing in international markets -- Corporate strategy: diversification and the multibusiness company -- Ethics, corporate social responsibility, environmental sustainability, and strategy -- Building an organization capable of good strategy execution: people,capabilities, and structure -- Managing internal operations: actions tht promote good strategy execution -- Corporate culture and leadership: keys to good strategy execution</subfield>
  </datafield>
  <datafield tag="600" ind1=" " ind2=" ">
    <subfield code="a">       </subfield>
    <subfield code="9">2310</subfield>
  </datafield>
  <datafield tag="650" ind1=" " ind2=" ">
    <subfield code="a">Strategic planning</subfield>
    <subfield code="9">59</subfield>
  </datafield>
  <datafield tag="650" ind1=" " ind2=" ">
    <subfield code="a">Business planning</subfield>
    <subfield code="9">58</subfield>
  </datafield>
  <datafield tag="700" ind1=" " ind2=" ">
    <subfield code="a">Gamble, John E.</subfield>
    <subfield code="9">2311</subfield>
  </datafield>
  <datafield tag="700" ind1=" " ind2=" ">
    <subfield code="a">Peteraf, Margaret A.</subfield>
    <subfield code="9">2312</subfield>
  </datafield>
  <datafield tag="700" ind1=" " ind2=" ">
    <subfield code="a">Strickland III, A.J.</subfield>
    <subfield code="9">2313</subfield>
  </datafield>
  <datafield tag="942" ind1=" " ind2=" ">
    <subfield code="2">lcc</subfield>
    <subfield code="c">BK</subfield>
  </datafield>
  <datafield tag="999" ind1=" " ind2=" ">
    <subfield code="c">10016</subfield>
    <subfield code="d">17516</subfield>
  </datafield>
  <datafield tag="952" ind1=" " ind2=" ">
    <subfield code="0">0</subfield>
    <subfield code="1">0</subfield>
    <subfield code="2">lcc</subfield>
    <subfield code="4">0</subfield>
    <subfield code="7">0</subfield>
    <subfield code="a">WIUC-KL</subfield>
    <subfield code="b">WIUC-KL</subfield>
    <subfield code="c">GEN</subfield>
    <subfield code="d">2023-03-20</subfield>
    <subfield code="o">HD30.28.C881 (21e)</subfield>
    <subfield code="p">K/3151/0249/23</subfield>
    <subfield code="r">2023-08-27 00:00:00</subfield>
    <subfield code="t">1</subfield>
    <subfield code="w">2023-08-27</subfield>
    <subfield code="y">BK</subfield>
  </datafield>
  <datafield tag="952" ind1=" " ind2=" ">
    <subfield code="0">0</subfield>
    <subfield code="1">0</subfield>
    <subfield code="2">ddc</subfield>
    <subfield code="4">0</subfield>
    <subfield code="7">0</subfield>
    <subfield code="a">WIUC-KL</subfield>
    <subfield code="b">WIUC-KL</subfield>
    <subfield code="c">GEN</subfield>
    <subfield code="d">2023-03-20</subfield>
    <subfield code="o">HD30.28.C882 (21e)</subfield>
    <subfield code="p">K/3152/0250/23</subfield>
    <subfield code="r">2023-08-27 00:00:00</subfield>
    <subfield code="t">2</subfield>
    <subfield code="w">2023-08-27</subfield>
    <subfield code="y">BK</subfield>
  </datafield>
  <datafield tag="952" ind1=" " ind2=" ">
    <subfield code="0">0</subfield>
    <subfield code="1">0</subfield>
    <subfield code="2">lcc</subfield>
    <subfield code="4">0</subfield>
    <subfield code="7">0</subfield>
    <subfield code="a">WIUC-KL</subfield>
    <subfield code="b">WIUC-KL</subfield>
    <subfield code="c">GEN</subfield>
    <subfield code="d">2023-03-20</subfield>
    <subfield code="o">HD30.28.C88 (21e)</subfield>
    <subfield code="p">K/3150/0248/23</subfield>
    <subfield code="r">2023-08-27 00:00:00</subfield>
    <subfield code="t">3</subfield>
    <subfield code="w">2023-08-27</subfield>
    <subfield code="y">BK</subfield>
  </datafield>
</record>
